Boletin Oficial de la Provincia de Buenos Aires

Detalles Bibliográficos
Formato: Desconocido
Lenguaje:español
Publicado: Buenos Aires, Argentina : BOPBA
Materias:
Acceso en línea:Acceso restringido

MARC

LEADER 00000ny a22000003n 4500
005 2011051009599.0
008 071129c20uu9999ag dr p s0 b0spa c
035 |a 2126  
040 |a SpMaUCMA  |d vLex 
090 |c 1533  |d 1533 
245 3 0 |a Boletin Oficial de la Provincia de Buenos Aires  |h [Recurso electrn̤ico] 
246 3 |a BOPBA 
256 |a Servicio en ln̕ea 
260 |a Buenos Aires, Argentina :  |b BOPBA 
310 |a Mensual 
650 0 4 |a Derecho  |x Legislacin̤  |z Argentina  |z Buenos Aires  |x Publicaciones perid̤icas 
740 0 |a vLex Revista (Servicios en ln̕ea) 
843 |a Electrn̤ica. Abierta 
853 |8 1  |i (year)  |j (month)  |k (day) 
856 4 |z Acceso restringido  |u http://vlex.com/source/bopba-2126/section/01.01 
942 |c LG